000 00812 a2200217 4500
003 UA-OsUOA
005 20260428154607.0
008 260428b un ||||| |||| 00| 0 ukr d
040 _aUA-OsUOA
_bukr
_cUA-OsUOA
_dUA-OsUOA
041 _aukr
080 _a050
090 _a050
_bЖ66
245 _aЖіночий світ
_cред. Анна Вах
_nч. 5
260 _bОрганізація Українок Канади ім. Ольги Басараб
_cтравень 1995
_aВінніпеґ
300 _a40 с.
520 _aРік XLVІ травень 1995 ч. 5 (528)
650 _2UDC
_a050 Серіальні видання. Періодика
_93723
942 _cMG
_2udc
955 _a4
999 _c580599
_d580599